Les 10 villes les plus peuplées du Jura (39) - Statistiques

Statistiques générales
  • Ce quiz a été pris 77 fois
  • Le résultat moyen est 6 sur 10
Statistiques - réponses
Population Communes % Correct
16 900 Lons-le-Saunier
99%
23 800 Dole
93%
8 600 Saint-Claude
77%
8 000 Champagnole
72%
4 000 Poligny
66%
3 100 Arbois
59%
3 700 Les Rousses
58%
3 900 Tavaux
32%
3 200 Montmorot
20%
5 100 Hauts de Bienne
18%
Aucun quiz correspondant
Distribution des résultats
% des personnes avec chaque résultat
Percentile par nombre de réponses
Votre historique - résultats
Vous n’avez pas pris ce quiz